| 000 | 00543nam a2200169 i 4500 | ||
|---|---|---|---|
| 001 | bgj | ||
| 100 | 1 | _aARNS, Margarete. | |
| 245 | 1 | 0 |
_aKritsche Betrachtungen über Bernard Shaw : _bEin Wagnerbriever, Kommentar zum Ring des Nibelungen / _cDr. Margaret Arns. |
| 260 |
_aWürzburg-Aumühle : _bKonrad Triltsch Verlag, _c1939. |
||
| 300 |
_aXIV, 117 S. ; _c21 cm. |
||
| 504 | _aBibliographie S.115-117. | ||
| 650 | 9 |
_aDeutsche Literatur _xKritik |
|
| 040 | _cBPK | ||
| 041 | 0 | _ager | |
| 942 | _cKS | ||
| 008 | s gw f |000 0 ger | ||
| 999 |
_c50388 _d50388 |
||
| 856 |
_uhttp://koha.tu.koszalin.pl/cgi-bin/koha/opac-detail.pl?biblionumber=50388 _yKatalog online BPK |
||